Gene Cloning & DNA Analysis: an introduction (Record no. 7044)

MARC details
000 -LEADER
fixed length control field 01915cam a22003737a 4500
001 - CONTROL NUMBER
control field 14394598
003 - CONTROL NUMBER IDENTIFIER
control field OSt
005 - DATE AND TIME OF LATEST TRANSACTION
control field 20240927105344.0
008 - FIXED-LENGTH DATA ELEMENTS--GENERAL INFORMATION
fixed length control field 010108s2000 enka b 001 0 eng d
010 ## - LIBRARY OF CONGRESS CONTROL NUMBER
LC control number 2006404943
015 ## - NATIONAL BIBLIOGRAPHY NUMBER
National bibliography number GBA1-04274
016 7# - NATIONAL BIBLIOGRAPHIC AGENCY CONTROL NUMBER
Record control number 101091672
Source DNLM
020 ## - INTERNATIONAL STANDARD BOOK NUMBER
International Standard Book Number 9781119640783
035 ## - SYSTEM CONTROL NUMBER
System control number (OCoLC)ocm45683002
040 ## - CATALOGING SOURCE
Original cataloging agency NLM
Transcribing agency DDC
Modifying agency UKM
-- TXA
-- AGL
-- KUM
-- VAM
-- GZM
-- CGU
-- LVB
-- OCLCQ
-- BAKER
-- PAY
-- DLC
050 00 - LIBRARY OF CONGRESS CALL NUMBER
Classification number QH506
Item number .M6614 2000
060 00 - NATIONAL LIBRARY OF MEDICINE CALL NUMBER
Classification number 2001 D-764
072 #0 - SUBJECT CATEGORY CODE
Subject category code X300
082 04 - DEWEY DECIMAL CLASSIFICATION NUMBER
Classification number QU58 B812g 2021
100 ## - MAIN ENTRY--PERSONAL NAME
Personal name Brown, T. A.
9 (RLIN) 14485
245 00 - TITLE STATEMENT
Title Gene Cloning & DNA Analysis: an introduction
250 ## - EDITION STATEMENT
Edition statement 8th ed.
260 ## - PUBLICATION, DISTRIBUTION, ETC. (IMPRINT)
Place of publication, distribution, etc. New Jersey; Blackwell,
Date of publication, distribution, etc. 2021
300 ## - PHYSICAL DESCRIPTION
Extent xv,416p;
Other physical details Col.ill. ;
Dimensions 24 cm.
500 ## - GENERAL NOTE
General note References, glossary, & index included
504 ## - BIBLIOGRAPHY, ETC. NOTE
Bibliography, etc Includes; index.
505 0# - FORMATTED CONTENTS NOTE
Formatted contents note Ch. 1. Fermentation technology -- Ch. 2. Molecular analysis and application techniques -- Ch. 3. Recombinanat DNA technology -- Ch. 4. The expression of foreign DNA in bacteria -- Ch. 5. Yeast cloning and biotechnology -- Ch. 6. Cloning genes in mammalian cell-lines -- Ch. 7. Plant biotechnology -- Ch. 8. Molecular, structural and chemical biology in pharmaceutical research -- Ch. 9. Genetically modified foods -- Ch. 10. Molecular diagnosis of inherited disease -- Ch. 11. DNA in forensic science -- Ch. 12. Vaccination and gene manipulation -- Ch. 13. Transgenesis -- Ch. 14. Protein engineering -- Ch. 15. Bioinformatics -- Ch. 16. Immobilization of biocatalysts -- Ch. 17. Downstream processing: protein extraction and purification -- Ch. 18. Monoclonal antibodies -- Ch. 19. Biosensors.
650 #0 - SUBJECT ADDED ENTRY--TOPICAL TERM
Topical term or geographic name as entry element Molecular biology.
9 (RLIN) 8420
650 #0 - SUBJECT ADDED ENTRY--TOPICAL TERM
Topical term or geographic name as entry element Gene cloning
9 (RLIN) 5602
650 #0 - SUBJECT ADDED ENTRY--TOPICAL TERM
Topical term or geographic name as entry element DNA
9 (RLIN) 1708
906 ## - LOCAL DATA ELEMENT F, LDF (RLIN)
a 7
b cbc
c copycat
d 2
e ncip
f 20
g y-gencatlg
942 ## - ADDED ENTRY ELEMENTS (KOHA)
Source of classification or shelving scheme Other/Generic Classification Scheme
Koha item type Open Shelf
Holdings
Withdrawn status Lost status Source of classification or shelving scheme Damaged status Not for loan Home library Current library Date acquired Source of acquisition Inventory number Total Checkouts Full call number Barcode Date last seen Koha item type
    Other/Generic Classification Scheme     MUST Main Library MUST Main Library 27/09/2023 Purchase 23/42143   QU58 B812g 2021 2023-0519 27/09/2023 Open Shelf
    Other/Generic Classification Scheme     MUST Main Library MUST Main Library 27/09/2023 Purchase 23/42144   QU58 B812g 2021 2023-0520 27/09/2023 Open Shelf
    Other/Generic Classification Scheme     MUST Main Library MUST Main Library 27/09/2024 purchase 24/42341   QU58 B812g 2021 2024-22449 27/09/2024 Open Shelf
    Other/Generic Classification Scheme     MUST Main Library MUST Main Library 27/09/2024 purchase 24/42342   QU58 B812g 2021 2024-22450 27/09/2024 Open Shelf
    Other/Generic Classification Scheme     MUST Main Library MUST Main Library 27/09/2024 purchase 24/42343   QU58 B812g 2021 2024-22451 27/09/2024 Open Shelf